000 00599cam a2200217 a 4500
001 2996260
005 20231115023010.0
008 930323s1993 nyu b 001 0 eng
020 _a0415011167 (hard)
020 _a0415011175 (pbk.)
040 _aDLC
_cDLC
_dDLC
082 0 0 _a901
_220
100 1 _aBrennan, Teresa,
245 1 0 _aHistory after Lacan /
_cTeresa Brennan.
260 _aLondon ;
_aNew York :
_bRoutledge,
_c1993.
300 _axv, 239 p. ;
650 0 _aHistory
700 _aBrennan, Teresa.
856 4 2 _uhttp://www.loc.gov/catdir/enhancements/fy0648/93017237-d.html
942 _cL
999 _c18
_d18